La moral entre la convicción y la utilidad
Պահպանված է:
| Հիմնական հեղինակ: | |
|---|---|
| Ձևաչափ: | Գիրք |
| Լեզու: | իսպաներեն |
| Հրապարակվել է: |
Pamplona
EUNATE
1996
|
| Խորագրեր: | |
| Ցուցիչներ: |
Ավելացրեք ցուցիչ
Չկան պիտակներ, Եղեք առաջինը, ով նշում է այս գրառումը!
|
MARC
| LEADER | 00000nam a2200000 a 4500 | ||
|---|---|---|---|
| 001 | UCS6752 | ||
| 003 | CL-VaPUC | ||
| 008 | 971003e19960000SP |||||||||||||||||spa|d | ||
| 082 | 0 | 4 | |a 170 |b MOL |2 21 |
| 100 | |a Molina Díez, Enrique |e autor |9 392108 | ||
| 245 | 1 | 3 | |a La moral entre la convicción y la utilidad |
| 300 | |a 468 p | ||
| 942 | |c BK | ||
| 945 | |d 19971003 00:00:00 |a aalvarez | ||
| 260 | |a Pamplona |b EUNATE |c 1996 | ||
| 650 | 0 | |a Ética |9 255099 | |
| 650 | 0 | |a Nominalismo |9 392109 | |
| 650 | 0 | |a Autonomía |9 374048 | |
| 650 | 0 | |a Teleología |9 325013 | |
| 650 | 0 | |a Naturaleza humana |9 308593 | |
| 650 | 0 | |a Razón práctica |9 330865 | |
| 650 | 0 | |a Bien y mal |9 311093 | |
| 650 | 0 | |a Voluntad |9 307812 | |
| 650 | 7 | |a PROPORCIONALISMO |2 CL-VaPUC |9 392110 | |
| 650 | 0 | |a Objetividad |9 319331 | |
| 583 | |a last modification |c 19971003 00:00:00 |k Rodrigo Vera | ||
| 999 | |c 262337 |d 262335 | ||
| 952 | |0 0 |1 0 |4 0 |6 170_000000000000000_MOL_1996 |7 0 |8 A |9 290720 |a BIBTEO |b BIBTEO |d 2019-11-19 |i 3349497 |o 170 MOL 1996 |p 3349497 |r 2025-01-17 |w 2019-11-19 |y BK |k ICR | ||